Loading...
| History - European | 0 | 6 | 0 | 0 | 60 | 58 | 97.83 | 3 | 6 | 0.00 | 0.00 |
| History - Other | 0 | 5 | 1 | 1 | 45 | 40 | 78.20 | 3 | 5 | 0.00 | 0.00 |
| Science - Chemistry | 0 | 4 | 0 | 0 | 40 | 84 | 101.25 | 2 | 4 | 0.00 | 0.00 |
| Social Science | 0 | 3 | 0 | 0 | 30 | 78 | 84.33 | 3 | 3 | 0.00 | 0.00 |
| Religion | 0 | 2 | 0 | 0 | 20 | 109 | 126.00 | 1 | 2 | 0.00 | 0.00 |
| History - American | 0 | 2 | 1 | 1 | 15 | 95 | 108.50 | 0 | 2 | 0.00 | 0.00 |
| Other Academic | 0 | 1 | 0 | 0 | 10 | 62 | 62.00 | 1 | 1 | 0.00 | 0.00 |
| History - World | 0 | 2 | 2 | 0 | 10 | 108 | 113.50 | 1 | 2 | 0.00 | 0.00 |
| Mythology | 0 | 1 | 0 | 0 | 10 | 118 | 118.00 | 0 | 1 | 0.00 | 0.00 |
| Current Events | 0 | 1 | 0 | 0 | 10 | 64 | 64.00 | 0 | 1 | 0.00 | 0.00 |
| Science - Other | 0 | 1 | 0 | 0 | 10 | 113 | 113.00 | 1 | 1 | 0.00 | 0.00 |
| Science - Biology | 0 | 1 | 1 | 0 | 5 | 122 | 122.00 | 0 | 1 | 0.00 | 0.00 |
| Fine Arts - Other | 0 | 0 | 0 | 0 | 0 | 0.00 | 0 | 0 | 0.00 | 0.00 | |
| Science - Physics | 0 | 0 | 1 | 0 | -5 | 0.00 | 0 | 0 | 0.00 | 0.00 | |
| Philosophy | 0 | 0 | 2 | 0 | -10 | 0.00 | 0 | 0 | 0.00 | 0.00 |